00908nam a22002417a 450000500170000001000130001702000260003002000230005603500130007903700270009208200110011910000140013024500850014425000110022926000500024027000500029030000400034050000500038070000140043094200250044499900190046995201780048820161022151319.0 aB-634830 a9789339213053c715.00 a933921305xc715.00 aB-634830 bDPL/RP/KK Publications a658.15 aKhan,M.Y. aFinancial management :btext, problems and cases / cby M.Y. Khan [and] P.K.Jain a7th ed aNew DelhibMcGraw Hill Educationc2015(repr.) aP-24, Green Park ExtensionbNew Delhie110016 avarious pagingsc25cm(pbk)e1CD-ROM aIncludes bibliographical references and index aJain,P.K. 2ddccENh658.15mKHA c104159d104159 001040708NFICaLbLd2016-10-22eKK Publications/BL142/18.10.2016/RP2/29.9.2016/21.102016g715.00l0o658.15 KHApB-634830r2016-10-22 00:00:00t1v715.00w2016-10-22yEN